000 00365nam a2200109Ia 4500
008 240129s9999 xx 000 0 und d
100 _aKUMAR, T. KRANTHI
245 0 _aSYNTHESIS,CHARACTERIZATION AND BIOLOGICAL EVALUATION OF NEW BENZOXAZOLE AND IMIDAZOLE SCAFFOLD DERIVATIVES
260 _bMEWAR UNIVERSITY, CHITTORGARH
_c2021
650 _aChemistry
942 _cTHE
999 _c218987
_d218987